Statistics for Bolivia Country Quiz

Click here to take the quiz!

General Stats

  • This quiz has been taken 1,190 times
    (1,161 since last reset)
  • The average score is 11 of 24

Answer Stats

ClueAnswer% Correct
Most common first languagesSpanish
96%
Capital citiesLa Paz
93%
Capital citiesSucre
86%
Mountain range of the aboveAndes
85%
Empire that ruled Bolivia at the
time of the Spanish conquest
Inca Empire
84%
Historical figure Bolivia is named afterSimón Bolívar
83%
Most important exportOil
66%
Major high altitude lakeLake Titicaca
63%
Most common first languagesQuechua
52%
Animal eaten as food and called "cuy"Guinea Pig
44%
National animalLlama
43%
Bird on the coat of armsCondor
36%
Most populous citySanta Cruz
35%
War in which Bolivia lost its
coastline to Chile, 1879-83
War of the Pacific
28%
Most common first languagesAymara
27%
President from 2006 until 2019Evo Morales
26%
Most common first languagesGuaraní
26%
Largest salt flat in the worldSalar de {Uyuni}
22%
Bolivia lost this region to Brazil in 1903Acre
18%
CurrencyBoliviano
17%
Full English name of the country{Plurinational}
State of Bolivia
17%
War fought against Paraguay, 1932-35Chaco War
15%
Former dictator, 1971-1978Hugo Banzer
7%
Tallest mountainNevado Sajama
7%

Score Distribution

Percentile by Number Answered

Percent of People with Each Score

Your Score History

You have not taken this quiz since the last reset